00523nam a2200169Ia 450000500170000000800410001702000150005808200130007310000190008624500310010526000300013630000120016650000560017894200060023495200980024099900150033820250411043405.0240331s9999 xx 000 0 und d a9555910243 bNIHa891 aNihalnanda,K.P 0aAmathita pem kala gehaniya aNawalabKurulu pothc1991 a75 p ., aStory of a women who fallen love with the minister cL 001040708LaWERCLbWERCLcSSCd2024-03-31l0o 891.48 NIHp1494r2024-03-31w2024-03-31yL c4867d4867